00250nam a22000977a 4500020001800000082001500018100001900033245004200052260003800094300002000132 a9780140280197 a303.3bGRE aGreene, Robert aThe 48 Laws of Power /cRobert Greene aNew York :bPenguin Books,c2000. a452p. ;c23 cm.